| 000 | 01248nab a22002777a 4500 | ||
|---|---|---|---|
| 999 |
_c5958 _d5958 |
||
| 003 | OSt | ||
| 005 | 20260114133811.0 | ||
| 008 | 190605e xxu||||| |||| 00| 0 spa d | ||
| 040 | _cPJ | ||
| 100 |
_96798 _aAnello, Florencia |
||
| 245 | 1 | 0 |
_a¿Es posible determinar el plazo de prescripción de los accidentes de trabajo? / _cFlorencia Anello, Alberto Mansilla. |
| 260 |
_aCiudad Autónoma de Buenos Aires : _bThomson Reuters La Ley, _c2024. |
||
| 300 | _ap. 199-202 | ||
| 500 | _aCita: TR LALEY AR/DOC/1435/2024. | ||
| 505 | _aSumario: I. Introducción.— II. Plazo bianual y caducidad.— III. ¿Cómo podríamos interpretar la prescripción en el derecho laboral? | ||
| 505 | _t¿Te interesa el texto completo? Solicitalo al correo: koha@justierradelfuego.gov.ar | ||
| 650 | 0 |
_91316 _aDERECHO LABORAL |
|
| 650 | 0 |
_91430 _aRIESGOS DEL TRABAJO |
|
| 650 | 0 |
_91405 _aENFERMEDAD PROFESIONAL |
|
| 650 | 0 |
_94942 _aCOMISIONES MÉDICAS |
|
| 650 | 0 |
_91406 _aINCAPACIDAD LABORAL |
|
| 650 | 0 |
_95144 _aASEGURADOR POR RIESGOS DEL TRABAJO |
|
| 700 |
_94584 _aMansilla, Alberto |
||
| 773 | 0 |
_02711 _93168 _dCiudad Autónoma de Buenos Aires : Thomson Reuters La Ley, 1999-2002. _tRevista de derecho del trabajo. Nº 4 - Julio 2024 |
|
| 942 |
_2udc _cANA |
||